| 000 | 00000nam##2200000za#4500 |
| 001 | 9.557709 |
| 003 | CaOODSP |
| 005 | 20210624172026 |
| 007 | cr ||||||||||| |
| 008 | 150406|1991||||xxc|||||o f|0| 0 eng|d |
| 040 | |aCaOODSP|beng |
| 043 | |an-cn--- |
| 086 | 1 |aNH18-22/91-204E-IN |
| 110 | 2 |aCanada Mortgage and Housing Corporation. |
| 245 | 10|aConsumers' need for a renovation advisory service |h[electronic resource] |
| 260 | |aOttawa - Ontario : |bCanada Mortgage and Housing Corporation |
| 300 | |a3p. (181 KB) |
| 490 | 1 |aResearch and development highlights; technical series |v91-204 |
| 590 | |a01-12|b2001-03-23 |
| 690 | 07|aHome renovations|2gcpds |
| 775 | 08|tÉtude sur les besoins des consommateurs pour un service de consultation technique en rénovation domiciliaire / |w(CaOODSP)9.607614 |
| 830 | #0|aResearch and development highlights; technical series ;|v91-204|w(CaOODSP)9.504481 |
| 856 | 40|ahttp://publications.gc.ca|qPDF|s181 KB|uhttps://publications.gc.ca/collections/Collection/NH18-22-91-204E.pdf|y91-204 |